000 00666nam a2200229Ia 4500
003 OSt
005 20220925202021.0
006 a|||||r|||| 00| 0
007 ta
008 220923b |||||||| |||| 00| 0 eng d
020 _a0 19 563518 3
037 _cGeneral Book
040 _aRTL
_cRTL
_beng
041 _2eng
_aeng
082 _aR68,91:g, N1
100 _aRICHMAN Paula
_9145232
245 0 _aMany Ramayanas
_b The diversity of a narrative tradition in South Asia
260 _aDelhi
_bOxford University Press
_c1991
300 _axiii,273p
_ccm.
942 _hR68,91:g, N1
_cGB
_2CC
999 _c542212
_d542212